[Event "Offene Bochumer StEM 2015"]
[Site "?"]
[Date "2015.11.24"]
[Round "4.8"]
[White "Kalkowski, Peter"]
[Black "Koch, Guido"]
[Result "0-1"]
[WhiteElo "1473"]
[BlackElo "1649"]
[PlyCount "94"]
[EventDate "2015.??.??"]
[WhiteTeam "SV Günnigfeld"]
[BlackTeam "SV Wattenscheid"]

1. d4 Nf6 2. Nf3 e6 3. Nbd2 Be7 4. e4 d5 5. e5 Nfd7 6. Bd3 c5 7. c3 Nc6 8. Bb5
Qb6 9. Bxc6 bxc6 10. O-O Ba6 11. Re1 Bd3 12. Re3 Bf5 13. Qb3 Qc7 14. Qd1 Bg4
15. Qc2 h5 16. h3 Bf5 17. Qd1 g5 18. Nh2 O-O-O 19. Qa4 Rdg8 20. g4 hxg4 21.
hxg4 Bg6 22. Kg2 Rh4 23. Rh3 Rgh8 24. Rxh4 gxh4 25. Ndf3 Be4 26. Kh3 Nf8 27.
Be3 Ng6 28. b4 c4 29. g5 Kb8 30. b5 Ka8 31. Nd2 Bf5+ 32. Kg2 cxb5 33. Qxb5 Rb8
34. Qa4 Qb7 35. Nhf1 Rc8 36. Qd1 Ba3 37. Qa4 Bb2 38. Re1 Bxc3 39. Nh2 Bb2 40.
Nhf3 Qc6 41. Qxc6+ Rxc6 42. Rh1 Ra6 43. Nxh4 Nxh4+ 44. Rxh4 Rxa2 45. Rh8+ Kb7
46. Rh1 Bxd4 47. Rd1 Bxe3 0-1

[Event "Offene Bochumer StEM 2015"]
[Site "?"]
[Date "2015.12.01"]
[Round "5.1"]
[White "Radi, Guenter"]
[Black "Quast, Marcel"]
[Result "0-1"]
[WhiteElo "1885"]
[BlackElo "2170"]
[PlyCount "82"]
[EventDate "2015.??.??"]
[WhiteTeam "SV Günnigfeld"]
[BlackTeam "SC Gerthe-Werne"]

1. d4 f5 2. c4 Nf6 3. Nc3 d6 4. g3 g6 5. Bg2 Bg7 6. Bg5 O-O 7. Qd2 c6 8. Bh6 e5
9. Bxg7 Kxg7 10. dxe5 dxe5 11. O-O-O Qa5 12. Qd6 Re8 13. Nf3 Na6 14. Qd2 Be6
15. b3 e4 16. Nd4 Bf7 17. Na4 Qe5 18. Qb2 Rac8 19. Nc2 Qe7 20. Kb1 Kg8 21. Ne3
Nd7 22. Nc3 Nac5 23. h4 h5 24. Rd2 a5 25. Rhd1 Ne5 26. Bh3 a4 27. Bxf5 gxf5 28.
Nxf5 Qe6 29. Nd6 axb3 30. axb3 Bg6 31. Kc1 e3 32. fxe3 Ra8 33. Nxe8 Ra1+ 34.
Nb1 Rxb1+ 35. Qxb1 Bxb1 36. Kxb1 Nxb3 37. Rd6 Qxc4 38. Rf1 Qxe2 39. Rf5 Nd2+
40. Kc1 Nd3+ 41. Kc2 Ne4+ 0-1

[Event "Offene Bochumer StEM 2015"]
[Site "?"]
[Date "2015.12.01"]
[Round "5.3"]
[White "Blome, Simon"]
[Black "Hahn, Matthias"]
[Result "1/2-1/2"]
[WhiteElo "1671"]
[BlackElo "2003"]
[PlyCount "45"]
[EventDate "2015.??.??"]
[WhiteTeam "SG Bochum"]
[BlackTeam "SV Linden"]

1. e4 c5 2. Nf3 Nc6 3. Bb5 Na5 4. O-O a6 5. Be2 Nf6 6. e5 Nd5 7. d4 cxd4 8.
Qxd4 e6 9. c4 Nc6 10. Qe4 Nde7 11. Rd1 Ng6 12. b3 Be7 13. Bb2 O-O 14. Nbd2 d6
15. Nf1 Qc7 16. exd6 Bxd6 17. Ng3 f5 18. Qd3 Be7 19. Nh5 Nf4 20. Nxf4 Qxf4 21.
Qe3 Qxe3 22. fxe3 Bc5 23. Bd4 1/2-1/2

[Event "Offene Bochumer StEM 2015"]
[Site "?"]
[Date "2015.12.01"]
[Round "5.4"]
[White "Freisen, Thomas"]
[Black "Funke, Eckhard"]
[Result "1/2-1/2"]
[WhiteElo "1955"]
[BlackElo "1757"]
[PlyCount "99"]
[EventDate "2015.??.??"]
[WhiteTeam "SV Günnigfeld"]
[BlackTeam "SG Höntrop"]

1. d4 d5 2. c4 e6 3. Nf3 Nf6 4. Nc3 Be7 5. Bg5 O-O 6. e3 Ne4 7. Bxe7 Qxe7 8.
Rc1 Qb4 9. Qc2 Nxc3 10. Qxc3 Qxc3+ 11. Rxc3 c6 12. Bd3 f6 13. O-O Nd7 14. cxd5
exd5 15. b4 a6 16. Nd2 Nb6 17. Nb3 Na4 18. Rc2 Bd7 19. Nc5 Nxc5 20. Rxc5 b6 21.
Rc2 a5 22. Rb1 axb4 23. Rxb4 Ra3 24. Be2 Rfa8 25. Rxb6 Rxa2 26. Rxa2 Rxa2 27.
Bd3 Rd2 28. Bf1 Rc2 29. Rb1 g6 30. Bd3 Rc3 31. Ba6 Bf5 32. Ra1 Rb3 33. Rc1 Rb6
34. Be2 Kf7 35. h4 Ke7 36. Bf3 Rb1 37. Rxb1 Bxb1 38. Kf1 Kd6 39. Bd1 c5 40. Ke2
c4 41. Kd2 Bd3 42. Kc3 h5 43. Ba4 g5 44. g3 gxh4 45. gxh4 Be2 46. Bc2 Bf3 47.
Bg6 Ke6 48. Kb4 f5 49. Be8 f4 50. Bg6 1/2-1/2

[Event "Offene Bochumer StEM 2015"]
[Site "?"]
[Date "2015.12.01"]
[Round "5.5"]
[White "Kuekenbrink, Christopher"]
[Black "Gausmann, Thomas"]
[Result "1-0"]
[WhiteElo "1793"]
[BlackElo "1399"]
[PlyCount "113"]
[EventDate "2015.??.??"]
[WhiteTeam "SV Günnigfeld"]
[BlackTeam "SG Bochum"]

1. f4 d5 2. Nf3 Nf6 3. e3 e6 4. b3 Bd6 5. Bb2 O-O 6. Be2 Nbd7 7. O-O c5 8. Qe1
Qc7 9. Qg3 a6 10. Bd3 h6 11. Ne5 Nh5 12. Qh4 Nxe5 13. Qxh5 Nxd3 14. cxd3 f5 15.
d4 b5 16. Rc1 Qe7 17. dxc5 Bxc5 18. Be5 Bb7 19. d4 Bd6 20. Bxd6 Qxd6 21. Nd2
Rac8 22. Qd1 Rc7 23. Rxc7 Qxc7 24. Qc1 Rc8 25. Qxc7 Rxc7 26. b4 Rc2 27. Nb3 Kf8
28. Rc1 Rxc1+ 29. Nxc1 g5 30. Kf2 Ke7 31. Nd3 Kf6 32. Kg3 Bc8 33. Nc5 Kg6 34.
Kf3 Kf6 35. Ke2 Ke7 36. Nd3 Kf6 37. Ne5 Kg7 38. fxg5 hxg5 39. Kf3 Kf6 40. h4
gxh4 41. Kf4 Kg7 42. Kg5 Bb7 43. Kxh4 Bc8 44. Kg5 Bb7 45. Kf4 Bc8 46. Nd3 Kf6
47. Nc5 Ke7 48. Ke5 Bd7 49. Nxa6 Be8 50. Nc5 Bf7 51. Nb7 Be8 52. Nc5 Bf7 53. a4
bxa4 54. Nxa4 Be8 55. Nc3 Bc6 56. b5 Bb7 57. Na4 1-0

[Event "Offene Bochumer StEM 2015"]
[Site "?"]
[Date "2015.12.01"]
[Round "5.6"]
[White "Radzik, Thomas"]
[Black "Benning, Martin"]
[Result "1-0"]
[WhiteElo "1476"]
[BlackElo "1519"]
[PlyCount "57"]
[EventDate "2015.??.??"]
[WhiteTeam "SG Bochum"]
[BlackTeam "SG Bochum"]

1. e4 c5 2. Nc3 e6 3. g3 d5 4. exd5 exd5 5. Bg2 Nf6 6. d3 Bg4 7. f3 Be6 8. Nge2
Bd6 9. O-O O-O 10. Kh1 a6 11. Bg5 Nbd7 12. f4 Qc8 13. f5 Ng4 14. fxe6 fxe6 15.
Qd2 h6 16. Rxf8+ Qxf8 17. Rf1 Qe8 18. Bf4 e5 19. Bxd5+ Kh8 20. Bf3 Qh5 21. Bxg4
Qxg4 22. Bxh6 Nf6 23. Bg5 Rf8 24. Bxf6 gxf6 25. Qh6+ Kg8 26. Rxf6 Rxf6 27. Qxf6
Bc7 28. Kg2 b5 29. Qf3 1-0

[Event "Offene Bochumer StEM 2015"]
[Site "?"]
[Date "2015.12.01"]
[Round "5.7"]
[White "Kuemmel, Hans-Juergen"]
[Black "Mai, Michael"]
[Result "0-1"]
[WhiteElo "1356"]
[BlackElo "1399"]
[PlyCount "93"]
[EventDate "2015.??.??"]
[WhiteTeam "SG Höntrop"]
[BlackTeam "SV Günnigfeld"]

1. e4 c5 2. Nf3 d6 3. d4 cxd4 4. Nxd4 Nf6 5. Nc3 g6 6. g3 Bg7 7. Bg2 O-O 8. O-O
Nbd7 9. Be3 a6 10. a4 Rb8 11. Rb1 Ne5 12. f3 Nc4 13. Bf2 Bh6 14. Nb3 Ne3 15.
Bxe3 Bxe3+ 16. Kh1 Bd7 17. Qd3 Bh6 18. Rfe1 Qc8 19. Nd4 Bg7 20. Qe3 Qc5 21. Nb3
Qb4 22. Qd4 Qxd4 23. Nxd4 Rfc8 24. Bf1 e6 25. Bd3 Ne8 26. Nde2 Bc6 27. Kg2 Nc7
28. b4 d5 29. b5 axb5 30. axb5 Bd7 31. b6 Ne8 32. Nb5 dxe4 33. Bxe4 Bxb5 34.
Rxb5 Nd6 35. Rbb1 Nxe4 36. fxe4 Rxc2 37. Kf3 Rbc8 38. Red1 Bf6 39. Rd7 Rb8 40.
Rbd1 Rb2 41. R7d6 Kg7 42. R1d3 Rc8 43. h4 Rcc2 44. Re3 Be5 45. Rd7 Rxb6 46. Nf4
Rc8 47. Nxe6+ 0-1

[Event "Offene Bochumer StEM 2015"]
[Site "?"]
[Date "2015.12.01"]
[Round "5.8"]
[White "Wesener, Rainer"]
[Black "Koch, Guido"]
[Result "1/2-1/2"]
[WhiteElo "1775"]
[BlackElo "1649"]
[PlyCount "95"]
[EventDate "2015.??.??"]
[WhiteTeam "SG Winz-Baak"]
[BlackTeam "SV Wattenscheid"]

1. d4 d5 2. c4 e6 3. Nc3 Nf6 4. cxd5 exd5 5. Bg5 Be7 6. e3 O-O 7. Bd3 Nbd7 8.
Nf3 Re8 9. Qc2 Nf8 10. h3 c6 11. O-O g6 12. Rab1 Ne6 13. Bxf6 Bxf6 14. b4 Ng7
15. b5 Bf5 16. Bxf5 Nxf5 17. bxc6 bxc6 18. Na4 Qd6 19. Rfc1 Rab8 20. Nc5 Ng7
21. Nb7 Qe6 22. Qa4 Rec8 23. Nc5 Qd6 24. Rxb8 Rxb8 25. Qxa7 Be7 26. Ne5 Ne6 27.
Ned7 Rd8 28. Rb1 Nxc5 29. Nxc5 Qf6 30. Rb8 Bd6 31. Rxd8+ Qxd8 32. Nb7 Qe7 33.
Qa8+ Kg7 34. Nxd6 Qxd6 35. a4 c5 36. dxc5 Qxc5 37. a5 Qc1+ 38. Kh2 d4 39. Qd5
Qc7+ 40. g3 dxe3 41. fxe3 Qc2+ 42. Qg2 Qc7 43. Qd2 h5 44. a6 h4 45. Qd4+ f6 46.
Qf4 Qc2+ 47. Kg1 Qc1+ 48. Kh2 1/2-1/2

[Event "Offene Bochumer StEM 2015"]
[Site "?"]
[Date "2015.12.08"]
[Round "6.1"]
[White "Quast, Marcel"]
[Black "Kuekenbrink, Christopher"]
[Result "1-0"]
[WhiteElo "2170"]
[BlackElo "1793"]
[PlyCount "33"]
[EventDate "2015.??.??"]
[WhiteTeam "SC Gerthe-Werne"]
[BlackTeam "SV Günnigfeld"]

1. e4 c5 2. d4 cxd4 3. c3 dxc3 4. Nxc3 Nc6 5. Nf3 d6 6. Bc4 e6 7. O-O Be7 8.
Qe2 Nf6 9. Rd1 e5 10. Be3 O-O 11. b4 a6 12. a3 Be6 13. Bxe6 fxe6 14. Qa2 Qd7
15. Na4 Bd8 16. Nc5 Qe7 17. Nxe6 1-0

[Event "Offene Bochumer StEM 2015"]
[Site "?"]
[Date "2015.12.08"]
[Round "6.2"]
[White "Hahn, Matthias"]
[Black "Schmidt, Ralph"]
[Result "1-0"]
[WhiteElo "2003"]
[BlackElo "1925"]
[PlyCount "27"]
[EventDate "2015.??.??"]
[WhiteTeam "SV Linden"]
[BlackTeam "SV Linden"]

1. d4 d6 2. Nf3 Nf6 3. c4 g6 4. Nc3 Bg7 5. e4 O-O 6. Be2 Bg4 7. Be3 Nbd7 8. h3
Bxf3 9. Bxf3 e5 10. d5 a6 11. g4 Kh8 12. h4 Ng8 13. g5 h5 14. Bxh5 1-0

[Event "Offene Bochumer StEM 2015"]
[Site "?"]
[Date "2015.12.08"]
[Round "6.3"]
[White "Funke, Eckhard"]
[Black "Blome, Simon"]
[Result "1/2-1/2"]
[WhiteElo "1757"]
[BlackElo "1671"]
[PlyCount "117"]
[EventDate "2015.??.??"]
[WhiteTeam "SG Höntrop"]
[BlackTeam "SG Bochum"]

1. d4 Nf6 2. c4 e6 3. Nc3 Bb4 4. Bg5 h6 5. Bxf6 Qxf6 6. Rc1 O-O 7. Nf3 b6 8. e3
Bb7 9. Be2 d6 10. O-O Bxc3 11. Rxc3 c5 12. a3 Nc6 13. d5 exd5 14. cxd5 Ne5 15.
Nxe5 Qxe5 16. Bf3 f5 17. Qd2 Rae8 18. g3 Qf6 19. Rd1 Re5 20. Qc2 Qf7 21. Rcd3
b5 22. Qc3 Qc7 23. R3d2 Qb6 24. Be2 a5 25. Qb3 Ba6 26. Qd3 Rc8 27. h4 Re4 28.
Qc2 c4 29. Rd4 Re5 30. Rf4 Rf8 31. g4 Bc8 32. a4 bxa4 33. Rxc4 Qd8 34. gxf5
Bxf5 35. Bd3 Qf6 36. Rf4 Qg6+ 37. Kh2 Bxd3 38. Rxf8+ Kxf8 39. Rxd3 Qf5 40. Rc3
Qxc2 41. Rxc2 Rxd5 42. Kg3 Kf7 43. Rc4 Ke6 44. Rxa4 Rb5 45. Rg4 g5 46. hxg5
hxg5 47. Ra4 Kf5 48. e4+ Ke5 49. f3 d5 50. exd5 Kxd5 51. f4 gxf4+ 52. Kxf4 Kc5
53. Ke3 Rb3+ 54. Kd2 Rxb2+ 55. Kc3 Rb5 56. Ra3 Kc6 57. Rb3 Rh5 58. Kb2 Rh4 59.
Ka3 1/2-1/2

[Event "Offene Bochumer StEM 2015"]
[Site "?"]
[Date "2015.12.08"]
[Round "6.4"]
[White "Mai, Michael"]
[Black "Freisen, Thomas"]
[Result "0-1"]
[WhiteElo "1399"]
[BlackElo "1955"]
[PlyCount "76"]
[EventDate "2015.??.??"]
[WhiteTeam "SV Günnigfeld"]
[BlackTeam "SV Günnigfeld"]

1. d4 Nf6 2. c4 c5 3. Nc3 cxd4 4. Qxd4 Nc6 5. Qd1 e6 6. Bg5 h6 7. Bxf6 Qxf6 8.
a3 a6 9. e3 Be7 10. Nge2 O-O 11. Ng3 Rd8 12. Be2 Qe5 13. O-O d5 14. cxd5 exd5
15. Qa4 Be6 16. Bf3 b5 17. Qc2 Rac8 18. Rac1 b4 19. axb4 Nxb4 20. Qe2 Bg5 21.
Ra1 Qb8 22. Rfd1 Rc4 23. Rd4 Rxd4 24. exd4 Qb6 25. Rd1 Bf6 26. Na4 Qb5 27. Qxb5
axb5 28. Nc5 Nc2 29. Ne2 b4 30. b3 Ra8 31. g3 Ra5 32. Rd2 Nxd4 33. Nxd4 Rxc5
34. Nxe6 fxe6 35. Bg4 Kf7 36. f4 Rc3 37. Bd1 Ke7 38. Rc2 Rxb3 0-1

[Event "Offene Bochumer StEM 2015"]
[Site "?"]
[Date "2015.12.08"]
[Round "6.6"]
[White "Wesener, Rainer"]
[Black "Radzik, Thomas"]
[Result "0-1"]
[WhiteElo "1775"]
[BlackElo "1476"]
[PlyCount "58"]
[EventDate "2015.??.??"]
[WhiteTeam "SG Winz-Baak"]
[BlackTeam "SG Bochum"]

1. d4 d5 2. c4 e6 3. Nc3 Nf6 4. cxd5 exd5 5. Bg5 Be7 6. e3 O-O 7. Bd3 Be6 8.
Qc2 Nbd7 9. Nf3 h6 10. Bh4 Rc8 11. O-O c5 12. dxc5 Rxc5 13. h3 a6 14. Rac1 b5
15. b4 Rc8 16. Qb1 Nb6 17. a4 bxa4 18. Bxa6 Ra8 19. Bb5 Qd6 20. Na2 Nc4 21.
Rfd1 Qb6 22. Nd4 Nd6 23. Bc6 Rac8 24. Bxa4 Nc4 25. Qb3 g5 26. Bg3 Ne4 27. Bh2
Ned2 28. Qc3 Ne4 29. f3 Nxc3 0-1

[Event "Offene Bochumer StEM 2015"]
[Site "?"]
[Date "2015.12.08"]
[Round "6.7"]
[White "Koch, Guido"]
[Black "Kuemmel, Hans-Juergen"]
[Result "1-0"]
[WhiteElo "1649"]
[BlackElo "1356"]
[PlyCount "73"]
[EventDate "2015.??.??"]
[WhiteTeam "SV Wattenscheid"]
[BlackTeam "SG Höntrop"]

1. e4 g6 2. d4 Bg7 3. Nf3 d6 4. Be3 Bg4 5. Be2 Nc6 6. Nbd2 e5 7. c3 a6 8. h3
exd4 9. cxd4 Bxf3 10. Nxf3 Nge7 11. O-O O-O 12. Qd2 Kh8 13. Bc4 Ng8 14. Rad1
Qe7 15. Bd3 Nd8 16. Rfe1 Ne6 17. Bc2 c6 18. Bb3 Nf6 19. Bh6 Rac8 20. d5 Nc5 21.
Bc2 Ncd7 22. Nd4 Ng8 23. Bf4 c5 24. Ne2 Be5 25. Be3 Kg7 26. b3 Kh8 27. f4 Bg7
28. Ng3 Ngf6 29. Bf2 Rfe8 30. Nf1 Bh6 31. Bg3 Nh5 32. Bh2 Qf6 33. g3 Ng7 34.
Qg2 c4 35. bxc4 Rxc4 36. Ne3 Rc3 37. Ng4 1-0

[Event "Offene Bochumer StEM 2015"]
[Site "?"]
[Date "2015.12.08"]
[Round "6.8"]
[White "Gausmann, Thomas"]
[Black "Kalkowski, Peter"]
[Result "1-0"]
[WhiteElo "1399"]
[BlackElo "1473"]
[PlyCount "67"]
[EventDate "2015.??.??"]
[WhiteTeam "SG Bochum"]
[BlackTeam "SV Günnigfeld"]

1. e4 e6 2. d4 d5 3. Nc3 dxe4 4. Nxe4 Be7 5. Nf3 Nf6 6. Bd3 Nc6 7. c3 h6 8. O-O
a5 9. Bf4 Nd5 10. Bg3 Nf6 11. Ne5 Nxe5 12. Bxe5 Nxe4 13. Bxe4 Bf6 14. f4 c6 15.
Qh5 Qe7 16. Rae1 Bd7 17. Bc7 O-O 18. f5 Rfe8 19. Bb6 Bc8 20. Bc2 a4 21. Rf3 Qd7
22. Rg3 e5 23. Qxh6 exd4 24. Qxf6 Rxe1+ 25. Kf2 g6 26. Kxe1 dxc3 27. Bd4 Qe8+
28. Qe5 Qxe5+ 29. Bxe5 Ra5 30. Bxc3 Rc5 31. fxg6 f6 32. Bxa4 Bf5 33. Bxf6 Bb1
34. Bb3+ 1-0

[Event "Offene Bochumer StEM 2015"]
[Site "?"]
[Date "2015.12.15"]
[Round "7.1"]
[White "Blome, Simon"]
[Black "Quast, Marcel"]
[Result "0-1"]
[WhiteElo "1671"]
[BlackElo "2170"]
[PlyCount "44"]
[EventDate "2015.??.??"]
[WhiteTeam "SG Bochum"]
[BlackTeam "SC Gerthe-Werne"]

1. e4 e5 2. Nf3 d6 3. d4 exd4 4. Nxd4 Nf6 5. Bd3 g6 6. O-O Bg7 7. c4 O-O 8. Nc3
Re8 9. Re1 Nbd7 10. f3 c6 11. Be3 d5 12. cxd5 cxd5 13. exd5 Nb6 14. Bb5 Bd7 15.
d6 Nfd5 16. Nxd5 Nxd5 17. Bxd7 Rxe3 18. Qd2 Rxe1+ 19. Rxe1 Qxd7 20. Nc2 Qxd6
21. Rd1 Qb6+ 22. Kh1 Qxb2 0-1

[Event "Offene Bochumer StEM 2015"]
[Site "?"]
[Date "2015.12.15"]
[Round "7.3"]
[White "Schmidt, Ralph"]
[Black "Radzik, Thomas"]
[Result "1-0"]
[WhiteElo "1925"]
[BlackElo "1476"]
[PlyCount "71"]
[EventDate "2015.??.??"]
[WhiteTeam "SV Linden"]
[BlackTeam "SG Bochum"]

1. e4 c6 2. Nc3 d5 3. Qf3 dxe4 4. Nxe4 Nf6 5. Bc4 e6 6. d3 Be7 7. Ne2 Nbd7 8.
Qg3 Nxe4 9. dxe4 Bf6 10. O-O Be5 11. f4 Bd6 12. Qxg7 Qf6 13. Qxf6 Nxf6 14. Bd3
Bc5+ 15. Kh1 Ng4 16. h3 Nf2+ 17. Kh2 Rg8 18. Bd2 Rg6 19. Be1 Nxd3 20. cxd3 Ke7
21. Bh4+ Kd6 22. Rac1 Bb6 23. Bf2 Bxf2 24. Rxf2 Rg7 25. e5+ Kc7 26. Ng3 Bd7 27.
Nh5 Rg6 28. Nf6 h6 29. Rf3 b6 30. b4 a5 31. b5 c5 32. a4 Kd8 33. d4 Rc8 34.
dxc5 Rxc5 35. Rxc5 bxc5 36. Rd3 1-0

[Event "Offene Bochumer StEM 2015"]
[Site "?"]
[Date "2015.12.15"]
[Round "7.4"]
[White "Radi, Guenter"]
[Black "Funke, Eckhard"]
[Result "1/2-1/2"]
[WhiteElo "1885"]
[BlackElo "1757"]
[PlyCount "88"]
[EventDate "2015.??.??"]
[WhiteTeam "SV Günnigfeld"]
[BlackTeam "SG Höntrop"]

1. d4 d5 2. Nf3 Nf6 3. c4 dxc4 4. Nc3 e6 5. e3 a6 6. Bxc4 b5 7. Bd3 c5 8. O-O
Nc6 9. dxc5 Bxc5 10. Ne4 Nxe4 11. Bxe4 Qxd1 12. Rxd1 Bb7 13. Ne5 Nd8 14. Bxb7
Nxb7 15. b3 f6 16. Nd3 Bd6 17. Bb2 Ke7 18. Rac1 Rhc8 19. f4 Rxc1 20. Rxc1 Kd7
21. Bd4 Rc8 22. Rxc8 Kxc8 23. Kf2 Kd7 24. g4 Ke7 25. h4 g6 26. e4 f5 27. e5 Bc7
28. gxf5 gxf5 29. Ke3 Kd7 30. h5 a5 31. Ba7 Kc6 32. Kd4 Bb6+ 33. Bxb6 Kxb6 34.
h6 Kc6 35. Nf2 Nd8 36. Nh3 Nf7 37. Ng5 Nxh6 38. Nxe6 Ng8 39. Ng7 Ne7 40. a3 Nd5
41. Nxf5 Nxf4 42. Ke4 Ne6 43. b4 axb4 44. axb4 Ng5+ 1/2-1/2

[Event "Offene Bochumer StEM 2015"]
[Site "?"]
[Date "2015.12.15"]
[Round "7.5"]
[White "Kuekenbrink, Christopher"]
[Black "Koch, Guido"]
[Result "1-0"]
[WhiteElo "1793"]
[BlackElo "1649"]
[PlyCount "45"]
[EventDate "2015.??.??"]
[WhiteTeam "SV Günnigfeld"]
[BlackTeam "SV Wattenscheid"]

1. Nf3 Nf6 2. g3 b6 3. Bg2 Bb7 4. O-O e6 5. d3 Be7 6. e4 d5 7. e5 Ng8 8. Re1 h5
9. h4 Nh6 10. Ng5 Nd7 11. c4 c6 12. cxd5 cxd5 13. Qxh5 Nf8 14. Nc3 Qd7 15. Bh3
Bxg5 16. hxg5 g6 17. Qh4 Nf5 18. Qxh8 Nd4 19. Rd1 Nf3+ 20. Kg2 d4 21. Ne4 Bxe4
22. dxe4 Qa4 23. Bd2 1-0

[Event "Offene Bochumer StEM 2015"]
[Site "?"]
[Date "2015.12.15"]
[Round "7.6"]
[White "Benning, Martin"]
[Black "Gausmann, Thomas"]
[Result "1-0"]
[WhiteElo "1519"]
[BlackElo "1399"]
[PlyCount "45"]
[EventDate "2015.??.??"]
[WhiteTeam "SG Bochum"]
[BlackTeam "SG Bochum"]

1. Nf3 d5 2. c4 e6 3. e3 Nf6 4. Nc3 b6 5. cxd5 exd5 6. d4 Be7 7. Bd3 O-O 8. Qc2
Bb7 9. O-O Nbd7 10. Ne5 Bd6 11. f4 c5 12. Bf5 h6 13. Rf3 Rc8 14. Qa4 cxd4 15.
exd4 Bxe5 16. fxe5 Bc6 17. Qc2 Ne8 18. Rg3 Qh4 19. Qf2 g5 20. Be3 Rd8 21. Qf3
Ng7 22. Rh3 Nxe5 23. Qf1 1-0

[Event "Offene Bochumer StEM 2015"]
[Site "?"]
[Date "2015.12.15"]
[Round "7.7"]
[White "Kalkowski, Peter"]
[Black "Mai, Michael"]
[Result "1/2-1/2"]
[WhiteElo "1473"]
[BlackElo "1399"]
[PlyCount "60"]
[EventDate "2015.??.??"]
[WhiteTeam "SV Günnigfeld"]
[BlackTeam "SV Günnigfeld"]

1. c4 Nf6 2. Nc3 g6 3. d4 d5 4. e3 Bg7 5. Nf3 O-O 6. Be2 c6 7. O-O Nbd7 8. Qb3
dxc4 9. Bxc4 Nb6 10. Be2 Be6 11. Qc2 Qc7 12. Re1 Rac8 13. Bd2 Nc4 14. Ng5 Bd5
15. Nxd5 cxd5 16. Bxc4 Qxc4 17. Qxc4 Rxc4 18. Rec1 Rfc8 19. Rxc4 Rxc4 20. Rc1
Rxc1+ 21. Bxc1 h6 22. Nf3 Ne4 23. Nd2 Nd6 24. Kf1 Kf8 25. Ke2 Ke8 26. Kd3 Kd7
27. Nb3 Kc6 28. Nd2 e6 29. f4 h5 30. b3 f5 1/2-1/2